书目信息 |
| 题名: |
中国学术思想史随笔
|
|
| 作者: | 曹聚仁 著 | |
| 分册: | ||
| 出版信息: | 北京 三联书店 1986 |
|
| 页数: | 462页 | |
| 开本: | 20cm | |
| 丛书名: | ||
| 单 册: | ||
| 中图分类: | C09 | |
| 科图分类: | ||
| 主题词: | 社会科学--历史 | |
| 电子资源: | ||
| ISBN: | ||
| 000 | 00617nam0 2200229 45 | |
| 001 | 0186002605 | |
| 005 | 20050324105828.9 | |
| 010 | @dCNY2.85 | |
| 091 | @a7002.81 | |
| 100 | @a19951103d1986 em y0chiy0121 ea | |
| 101 | 0 | @achi |
| 102 | @aCN@b110000 | |
| 105 | @ac z 000yy | |
| 200 | 10 | @a中国学术思想史随笔@Azhong guo xue shu si xiang shi sui bi@f曹聚仁著@FCao Ju Ren Zhu |
| 210 | @a北京@c三联书店@d1986 | |
| 215 | @a462页@c照片@d20cm | |
| 606 | 0 | @a社会科学@x历史 |
| 690 | @aC09@v3 | |
| 701 | 0 | @a曹聚仁@4著 |
| 801 | 0 | @aCN@b深圳图书馆@c20040505 |
| 801 | 2 | @aCN@bNLC@c20040505 |
| 905 | @dC09@e9@f1@b167805 | |
| 中国学术思想史随笔/曹聚仁著.-北京:三联书店,1986 |
| 462页:照片;20cm |
| ISBN :CNY2.85 |
| ● |
| 相关链接 |
|
|
|
|
正题名:中国学术思想史随笔
索取号:C09/9
 
预约/预借
| 序号 | 登录号 | 条形码 | 馆藏地/架位号 | 状态 | 备注 |
| 1 | 0167804 | 001121182 | 第一样本阅览室/ [索取号:C09/9] | 在馆 | |
| 2 | 0167805 | 001986729 | 第一借阅区/ [索取号:C09/9] | 在馆 | |
| 3 | 0167806 | 001121191 | 第一样本阅览室/ [索取号:C09/9] | 在馆 |